000 00447nam a2200181Ia 4500
005 20240823062532.0
008 240823s9999||||xx |||||||||||||| ||und||
041 _aENGLISH
082 _A300 N1
100 _aKosala Blair J
245 0 _aIntroduction to Behavioral Science for Business
250 _a1st
260 _bWiley India Pv
_aNew Delhi
500 _aYES
650 _aBusiness
_bManagement Studies
942 _cBK
999 _c236107
_d236107